NHL Players with Norris Votes in the 2010s - Statistics

General Stats
  • This quiz has been taken 74 times
  • The average score is 18 of 25
Answer Stats
Team Year Place Defenseman % Correct
Boston 2010, 2011, 2012, 2013 3, 3, 5, 2 Zdeno Chara
98%
Ottawa 2011, 2014, 2015, 2016 1, 1, 2, 2 Erik Karlsson
96%
Nashville 2010, 2011, 2013, 2014, 2016 2, 2, 3, 4, 6 Shea Weber
96%
Montreal, Nashville 2012, 2014, 2017 1, 3, 3 P K Subban
95%
Los Angeles 2013, 2014, 2015, 2017 6, 2, 1, 2 Drew Doughty
93%
Pittsburgh 2010, 2012, 2014, 2015 6, 3, 8, 4 Kris Letang
93%
Nashville 2014, 2019 5, 1 Roman Josi
93%
San Jose 2015, 2016, 2017, 2018 3, 1, 8, 2 Brent Burns
91%
Chicago 2012, 2013, 2014, 2016 6, 1, 7, 4 Duncan Keith
91%
Tampa 2013, 2016, 2017, 2018, 2019 9, 3, 1, 3, 3 Victor Hedman
91%
Detroit 2010 1 Nicklas Lidstrom
89%
Washington 2017, 2018, 2019 5, 4, 2 John Carlson
88%
Calgary 2013, 2014, 2018 10, 6, 1 Mark Giordano
80%
St Louis 2013, 2019 5, 4 Alex Pietrangelo
79%
Minnesota 2012, 2013, 2014, 2016 2, 4, 9, 5 Ryan Suter
79%
Winnipeg 2014 12 Dustin Byfuglien
66%
Phoenix 2012 7 Oliver Ekman-Larsson
64%
Detroit 2014 14 Niklas Kronwall
48%
Colombus 2017 4 Seth Jones
48%
Dallas 2017 6 John Klingberg
46%
Montreal 2012 13 Andrei Markov
43%
Phoenix 2010 5 Keith Yandle
39%
Rangers 2011 6 Dan Girardi
25%
Anaheim 2012 4 Francois Beauchemin
23%
Anaheim 2010 4 Lubomir Visnovsky
20%
No matching quizzes found
Score Distribution
Percent of People with Each Score
Percentile by Number Answered
Your Score History
You have not taken this quiz